[Event "WYB16"]
[Site "Oropesa del Mar ESP"]
[Date "2001.10.21"]
[Round "1"]
[White "Tournier,Math"]
[Black "Korobov,A"]
[Result "0-1"]
[WhiteElo "2129"]
[BlackElo "2467"]

1.e4 c5 2.c3 d6 3.d4 Nf6 4.Bd3 e5 5.Nf3 Nc6 6.dxe5 dxe5 7.O-O Be7 8.Qe2 O-O
9.Be3 Qc7 10.Nbd2 Bg4 11.h3 Bh5 12.Bg5 Rad8 13.Rfd1 Nd7 14.g4 Bxg5 15.Nxg5 Bg6
16.h4 h6 17.Ngf3 Nf6 18.h5 Bh7 19.Nh2 Rd7 20.Ndf1 Nd8 21.Ng3 Ne6 22.Bc4 Nf4
23.Qe3 Rfd8 24.Rxd7 Rxd7 25.Re1 g6 26.hxg6 Bxg6 27.Nf5 Kh7 28.Qg3 Qc6 29.Nf3 Nxe4
30.Qh4 Bxf5 31.Nxe5 Ng5 32.Qg3  0-1

[Event "WYB16"]
[Site "Oropesa del Mar ESP"]
[Date "2001.10.23"]
[Round "3"]
[White "Shanava,K"]
[Black "Korobov,A"]
[Result "1-0"]
[WhiteElo "2332"]
[BlackElo "2467"]

1.e4 c5 2.Nf3 d6 3.d4 cxd4 4.Nxd4 Nf6 5.Nc3 a6 6.Be2 e6 7.O-O Be7 8.f4 O-O
9.Be3 Nc6 10.Qe1 Nxd4 11.Bxd4 d5 12.a3 Bd7 13.Qg3 Rc8 14.Bd3 g6 15.f5 Nh5
16.Qh3 Bf6 17.Be3 Re8 18.fxg6 fxg6 19.g4 Ng7 20.Qh6  1-0

[Event "WYB16"]
[Site "Oropesa del Mar ESP"]
[Date "2001.10.24"]
[Round "4"]
[White "Korobov,A"]
[Black "Pixton,A"]
[Result "1/2-1/2"]
[WhiteElo "2467"]
[BlackElo "2351"]

1.d4 e6 2.c4 b6 3.Nf3 Bb7 4.g3 Bb4+ 5.Bd2 Bxf3 6.exf3 Bxd2+ 7.Qxd2 d5 8.Nc3 Ne7
9.cxd5 exd5 10.Bg2 O-O 11.O-O Nd7 12.f4 c6 13.Rfe1 Nf5 14.b4 Nf6 15.a4 a6
16.Qd3 Nd6 17.b5 axb5 18.axb5 Rxa1 19.Rxa1 Nxb5 20.Nxb5 cxb5 21.Qxb5 Qd6
22.Rc1 Rb8 23.Rc6 Qd7 24.Bf1 Ne4 25.Rxb6 Qxb5 26.Rxb5 Rxb5 27.Bxb5 Nd2 28.Bc6 Nf3+
29.Kf1 Nxd4 30.Bxd5 g6 31.f3 Kg7 32.Bb7  1/2-1/2

[Event "WYB16"]
[Site "Oropesa del Mar ESP"]
[Date "2001.10.26"]
[Round "6"]
[White "Korobov,A"]
[Black "Areshchenko,A"]
[Result "1/2-1/2"]
[WhiteElo "2467"]
[BlackElo "2479"]

1.d4 Nf6 2.c4 d6 3.Nc3 e5 4.d5 Bf5 5.f3 e4 6.g4 Nxg4 7.fxg4 Qh4+ 8.Kd2 e3+
9.Kxe3 Qg5+ 10.Kf2 Qh4+ 11.Ke3 Qg5+  1/2-1/2

[Event "WYB16"]
[Site "Oropesa del Mar ESP"]
[Date "2001.10.29"]
[Round "8"]
[White "Korobov,A"]
[Black "Heberla,B"]
[Result "1/2-1/2"]
[WhiteElo "2467"]
[BlackElo "2390"]

1.d4 Nc6 2.Nf3 d6 3.c4 e5 4.Nc3 g6 5.Bg5 f6 6.Bh4 Bg7 7.h3 Nh6 8.e4 O-O 9.d5 Ne7
10.g4 Bd7 11.Bd3 c6 12.Qb3 cxd5 13.cxd5 g5 14.Bg3 Rb8 15.a4 Nf7 16.Nd2 Ng6
17.Bb5 Nf4 18.O-O-O a6 19.Bxd7 Qxd7 20.Kb1 b5 21.axb5 axb5 22.Na2 b4 23.f3 Ne2
24.Bf2 Rfc8 25.Rhe1 Qb5  1/2-1/2

[Event "WYB16"]
[Site "Oropesa del Mar ESP"]
[Date "2001.11.01"]
[Round "10"]
[White "Alekseev,E"]
[Black "Korobov,A"]
[Result "1-0"]
[WhiteElo "2548"]
[BlackElo "2467"]

1.e4 e6 2.d4 d5 3.Nc3 dxe4 4.Nxe4 Nd7 5.Nf3 Ngf6 6.Bd3 Nxe4 7.Bxe4 Nf6 8.Bg5 h6
9.Bxf6 Qxf6 10.Qe2 a6 11.O-O-O Bd6 12.Kb1 O-O 13.h4 Rb8 14.g4 Bd7 15.g5 Qf4
16.gxh6 Qxh6 17.Rdg1 f5 18.Bd3 Bc6 19.Rh3 Bxf3 20.Qxf3 c6 21.Bc4 Rf6 22.Rg5 Rbf8
23.Rh1 R8f7 24.Qe3 Rc7 25.f4 Kf8 26.Be2 Ke7 27.Bf3 Kd7 28.c4 Qh8 29.Bg2 Kc8
30.h5 Qd8 31.Rf1  1-0

[Event "Aeroflot Open"]
[Site "Moscow RUS"]
[Date "2002.02.08"]
[Round "6"]
[White "Korobov,A"]
[Black "Bar,R"]
[Result "1/2-1/2"]
[WhiteElo "2511"]
[BlackElo "2418"]

1.d4 Nf6 2.c4 e6 3.Nc3 Bb4 4.e3 b6 5.Ne2 Ne4 6.Qc2 Bb7 7.a3 Bxc3+ 8.Nxc3 Nxc3
9.Qxc3 Qh4 10.b4 d6 11.Bb2 Nd7 12.c5 Bd5 13.cxd6 cxd6 14.Bb5 Ke7 15.Rc1 Rhd8
16.Bxd7 Rxd7 17.O-O Bxg2 18.Kxg2  1/2-1/2

[Event "ch-UKR"]
[Site "Alushta UKR"]
[Date "2002.05.04"]
[Round "2"]
[White "Kislinsky,A"]
[Black "Korobov,A"]
[Result "1/2-1/2"]
[WhiteElo "2341"]
[BlackElo "2512"]

1.e4 c5 2.Nc3 e6 3.g3 d5 4.exd5 exd5 5.Bg2 Nf6 6.Nge2 Nc6 7.d3 Be7 8.O-O O-O
9.Bg5 d4 10.Bxf6 Bxf6 11.Ne4 Be7 12.Nf4 f5 13.Nd2 Bg5 14.Qf3 Ne5 15.Qd5+ Qxd5
16.Bxd5+ Kh8 17.Nb3 Bxf4 18.gxf4 Ng6 19.Nxc5 Nxf4 20.Bf3 g5 21.Rfe1 g4 22.Bxb7 Bxb7
23.Nxb7 Rac8 24.Rac1 Rb8 25.Nd6 Rxb2 26.Re7 Rxa2 27.Rb1 Rxc2 28.Rxa7 Kg8
29.Kf1 Rd2 30.Ke1 Rxd3 31.Rbb7 Rh3 32.Rg7+ Kh8 33.Rg5 Nd3+ 34.Kf1 Ne5 35.Rxf5 Rxf5
36.Nxf5 h5 37.Nxd4 Rxh2 38.Kg1 Rh3 39.Ra5 Ng6 40.Ne6 Rc3 41.Rxh5+ Kg8 42.Rg5 Kf7
43.Rxg4 Kxe6 44.Rxg6+ Kf5 45.Ra6 Rc4 46.Ra5+ Kf6 47.Kg2 Kf7 48.Ra6 Rg4+ 49.Kf3 Rg8
50.Kf4 Rf8 51.Ke5 Re8+ 52.Kf5 Re7 53.f4 Rb7 54.Kg5 Rb1 55.Ra7+ Kf8 56.f5 Rb6
57.Rh7 Kg8 58.Rh4 Rb7  1/2-1/2

[Event "ch-UKR"]
[Site "Alushta UKR"]
[Date "2002.05.06"]
[Round "4"]
[White "Moskovets,K"]
[Black "Korobov,A"]
[Result "0-1"]
[WhiteElo "2389"]
[BlackElo "2512"]

1.e4 e5 2.f4 Qh4+ 3.g3 Qe7 4.fxe5 d6 5.exd6 Qxe4+ 6.Qe2 Qxe2+ 7.Nxe2 Bxd6
8.Bg2 Nc6 9.d4 Bg4 10.c3 O-O-O 11.h3 Bxe2 12.Kxe2 Bxg3 13.Bg5 f6 14.Kf3 Bd6
15.Be3 f5 16.Nd2 Nf6 17.Bg5 Rdf8 18.Nc4 Ne4 19.Nxd6+ cxd6 20.h4 h6 21.Be3 g5
22.Rh2 d5 23.hxg5 hxg5 24.Rah1 Rhg8 25.c4 Nb4 26.a3 g4+ 27.Ke2 Ng3+ 28.Kd2 f4
29.Re1 fxe3+ 30.Rxe3 Nf5 31.Rc3 Na2 32.Rb3 Nxd4 33.Rd3 Nf3+ 34.Bxf3 gxf3
35.Rf2 Rg2  0-1

[Event "ch-UKR"]
[Site "Alushta UKR"]
[Date "2002.05.07"]
[Round "5"]
[White "Korobov,A"]
[Black "Anapolsky,S"]
[Result "1/2-1/2"]
[WhiteElo "2512"]
[BlackElo "2407"]

1.d4 e6 2.c4 Nf6 3.Nf3 b6 4.g3 Ba6 5.Qa4 Bb7 6.Bg2 c5 7.dxc5 Bxc5 8.O-O O-O
9.Nc3 Be7 10.Rd1 a6 11.Bf4 d6 12.Rd2 Qc7 13.Rad1 Rd8 14.e4 Nbd7 15.Bxd6 Bxd6
16.Rxd6 Nc5 17.Rxd8+  1/2-1/2

[Event "ch-UKR"]
[Site "Alushta UKR"]
[Date "2002.05.08"]
[Round "6"]
[White "Kushch,N"]
[Black "Korobov,A"]
[Result "0-1"]
[WhiteElo "2405"]
[BlackElo "2512"]

1.Nf3 c5 2.c4 g6 3.Nc3 Bg7 4.e3 Nf6 5.d4 O-O 6.dxc5 Na6 7.Be2 Nxc5 8.O-O d6
9.Nd4 a6 10.b4 Nce4 11.Nxe4 Nxe4 12.Bb2 e5 13.Nf3 Be6 14.Qc2 f5 15.Rfd1 Qc7
16.Rac1 Rad8 17.Qb1 g5 18.Bd3 g4 19.Nd2 Ng5 20.Re1 Qf7 21.Qc2 Qh5 22.Nf1 Qg6
23.Kh1 h5 24.Qe2 h4 25.Bc2 h3 26.gxh3 Nxh3 27.Ng3 Qf7 28.Bb3 b5 29.cxb5 Bxb3
30.axb3 axb5 31.Qxb5 Nxf2+ 32.Kg2 Nh3 33.Rcd1 Qxb3 34.Qd5+ Qxd5+ 35.Rxd5 f4
36.Ne4 fxe3 37.Rxd6 Rxd6 38.Nxd6 Rf2+ 39.Kg3 Rxb2 40.Kxg4 Nf2+ 41.Kf3 e4+
42.Kxe3 Bh6+  0-1

[Event "ch-UKR"]
[Site "Alushta UKR"]
[Date "2002.05.10"]
[Round "8"]
[White "Korobov,A"]
[Black "Fedorchuk,S"]
[Result "1-0"]
[WhiteElo "2512"]
[BlackElo "2526"]

1.d4 Nf6 2.c4 e6 3.Nc3 Bb4 4.e3 b6 5.Ne2 c5 6.a3 Ba5 7.Rb1 Na6 8.Qa4 Bb7
9.Bd2 Bc6 10.Qc2 O-O 11.Ng3 Bb7 12.d5 d6 13.Bd3 Rc8 14.O-O exd5 15.Nxd5 Bxd2
16.Qxd2 Nxd5 17.cxd5 c4 18.Bc2 Qg5 19.Nf5 Rc5 20.f4 Qf6 21.e4 Nc7 22.Nd4 Nb5
23.Nxb5 Rxb5 24.Qc3 Qxc3 25.bxc3 Ra5 26.a4 f5 27.exf5 Bxd5 28.Rb5 Rxb5 29.axb5 Re8
30.Kf2 Kf7 31.g4 Rc8 32.Ra1 Rc7 33.h4 Kf8 34.g5 h6 35.Ke3 Bf7 36.f6 gxf6
37.gxh6 Bg8 38.Kd4 Bh7 39.Bxh7 Rxh7 40.Kxc4 Rxh6 41.Kd5 Rxh4 42.f5 Rh3 43.c4 Rd3+
44.Ke6 Kg7 45.Rxa7+ Kh6 46.Kxf6 d5 47.Ra1 Kh5 48.cxd5 Rxd5 49.Rh1+ Kg4 50.Kg6 Rxb5
51.f6 Rg5+ 52.Kf7 Kf4 53.Rb1 b5 54.Rb4+ Ke3 55.Ke6 Rg6 56.Rxb5  1-0

[Event "ch-UKR"]
[Site "Alushta UKR"]
[Date "2002.05.11"]
[Round "9"]
[White "Zubov,A UKR"]
[Black "Korobov,A"]
[Result "1/2-1/2"]
[WhiteElo "2478"]
[BlackElo "2512"]

1.e4 c5 2.Nf3 d6 3.d4 cxd4 4.Nxd4 Nf6 5.Nc3 a6 6.Be2 e6 7.O-O Be7 8.f4 O-O
9.Kh1 Nc6 10.Be3 Bd7 11.a4 Rc8 12.Nb3 Nb4 13.a5 Qc7 14.Bb6 Qb8 15.Bf3 e5
16.Be3 Bc6 17.Rf2  1/2-1/2

[Event "6th OIBM"]
[Site "Bad Wiessee GER"]
[Date "2002.10.26"]
[Round "1"]
[White "Korobov,A"]
[Black "Schoen,Ru"]
[Result "1-0"]
[WhiteElo "2503"]
[BlackElo "2039"]

1.d4 Nf6 2.c4 c5 3.d5 b5 4.cxb5 a6 5.e3 axb5 6.Bxb5 Qa5+ 7.Nc3 Ne4 8.Ne2 g6
9.O-O Nd6 10.Bd3 Bg7 11.e4 Na6 12.f4 c4 13.Bb1 Nc5 14.e5 Nb5 15.Nxb5 Qxb5
16.Nc3 Qa6 17.Bc2 Nb3 18.Bxb3 Qb6+ 19.Kh1 cxb3 20.a4 O-O 21.Re1 d6 22.Be3 Qb4
23.Qd4 Rb8 24.Rad1 Qa5 25.Qa7 Qxa7 26.Bxa7 Ra8 27.Bd4 Bg4 28.Rd2 dxe5 29.Bxe5 f6
30.Bd4 Rfe8 31.Bb6 Bh6 32.Rd4 Kf7 33.a5 Rec8 34.Rde4 Bf8 35.Rb4 e5 36.Rxb3 exf4
37.Bd4 Rxa5 38.Rb7+ Kg8 39.Ne4 Bg7 40.Bxf6 Bf8 41.Bc3  1-0

[Event "AIG Life rapid"]
[Site "Warsaw POL"]
[Date "2002.12.21"]
[Round "4"]
[White "Korobov,A"]
[Black "Tiviakov,S"]
[Result "0-1"]
[WhiteElo "2503"]
[BlackElo "2631"]

1.d4 Nf6 2.c4 e6 3.Nc3 Bb4 4.e3 O-O 5.Bd3 d5 6.Nf3 c5 7.O-O Nc6 8.a3 Bxc3
9.bxc3 dxc4 10.Bxc4 Qc7 11.Bb2 e5 12.h3 Bf5 13.Qe2 Rfe8 14.Rac1 Rad8 15.Rfd1 a6
16.Ba2 Bg6 17.d5 Nb8 18.c4 Nbd7 19.Nh4 Qd6 20.f3 Nf8 21.e4 Nh5 22.Qf2 Nf4
23.Kh2 Nd7 24.a4 h6 25.Ba3 Bh7 26.g3 Nh5 27.Rb1 Rb8 28.a5 g6 29.Bb3 Nhf6
30.Ba4 Rec8 31.Rb2 b6 32.Rdb1 bxa5 33.Rb7 Rxb7 34.Rxb7 Rc7 35.Qb2 Kg7 36.Ng2 Rxb7
37.Qxb7 Nb6 38.Qxa6 Qb8 39.Bb5 Nfd7 40.Qxa5 f5 41.Bxd7 Nxd7 42.Bxc5 fxe4
43.fxe4 g5 44.Ba7 Qc8 45.Qb4 Bxe4 46.Qe7+ Kh8 47.Qe6 Kg7 48.c5 Qd8 49.Ne3 Nf6
50.Bb6 Qa8 51.Qxe5 Qa2+ 52.Kg1 Qd2 53.c6 Qe1+ 54.Nf1 Qe2 55.Bf2 Qf3  0-1

[Event "4th IECC"]
[Site "Istanbul TUR"]
[Date "2003.06.02"]
[Round "4"]
[White "Hracek,Z"]
[Black "Korobov,A"]
[Result "1/2-1/2"]
[WhiteElo "2584"]
[BlackElo "2513"]

1.e4 c5 2.Nf3 Nc6 3.c3 e6 4.d4 d5 5.exd5 exd5 6.Bb5 Bd6 7.dxc5 Bxc5 8.O-O Ne7
9.Nbd2 O-O 10.Nb3 Bd6 11.Bg5 Qc7 12.Bh4 Nf5 13.Bg3 Nxg3 14.hxg3 Be6 15.Bd3 Qb6
16.Nbd4 Nxd4 17.Nxd4 Bc5 18.Nb3 Bd6 19.Re1 g6 20.Re3 a5 21.Qd2 a4 22.Nd4 Bc5
23.Be2 a3 24.b3 Bxd4 25.cxd4 Rfc8 26.g4 Qc7 27.Kf1 Qc2 28.Qxc2 Rxc2 29.Ke1 Rac8
30.Rd3 f5 31.g5 f4 32.b4 Bf5 33.Rd2 Rxd2 34.Kxd2 Rc2+ 35.Ke1 Kf7 36.Bd1 Rc4
37.Bb3 Rxd4 38.Rc1 Ke6 39.Rc5 Rxb4 40.Ra5 Re4+ 41.Kf1 Re5 42.Rxa3 Bd3+ 43.Kg1 Rxg5
44.Bd1 Bc4 45.Ra7 Ba6 46.Ra8 Re5 47.Kh2 d4 48.Rd8 d3 49.g3 Ke7 50.Rd4 Re1
51.Bb3 fxg3+ 52.Kxg3 h5 53.f4 Rg1+ 54.Kf2 Rb1 55.Ke3 h4 56.Kf3 Rg1 57.Kf2 Rg4
58.Bd1 Rg3 59.Bf3 Kf6 60.a4 Kf5 61.a5 Ke6 62.Bg2 g5 63.fxg5 Rxg5 64.Rxh4 Rxa5
65.Rh6+ Kd7 66.Rh7+ Kc8 67.Bh3+ Kb8 68.Rd7 Ra2+ 69.Ke3 Re2+ 70.Kf3 Bb5 71.Rd4 Re1
72.Kf2 Re2+ 73.Kf3 Rb2 74.Bf5 Rb3 75.Ke3 Kc7 76.Kd2 Kb6 77.Be6 Rb2+ 78.Kc3 Re2
79.Bb3 Re1 80.Rd5 Rc1+ 81.Kb4 Ba6 82.Rd6+ Rc6 83.Rd7 Ka7 84.Rd8 Rh6 85.Rd4 Rb6+
86.Kc3 Rc6+ 87.Kb4 Kb8 88.Ba4 Rc1 89.Rd8+ Kc7 90.Rd7+ Kc8 91.Rd4 Rb1+ 92.Kc3 Kc7
93.Bb3 Rc1+ 94.Kd2 Rc6 95.Rh4 Kb6 96.Rb4+ Kc5 97.Rh4 Rd6 98.Kc3 d2 99.Rh5+ Kb6
100.Bd1 Rd3+ 101.Kc2 Rd6 102.Rh2 Bb5 103.Kc3 Rd3+ 104.Kc2 Rd6 105.Kc3 Ka7  1/2-1/2

[Event "4th IECC"]
[Site "Istanbul TUR"]
[Date "2003.06.03"]
[Round "5"]
[White "Korobov,A"]
[Black "Socko,B"]
[Result "1-0"]
[WhiteElo "2513"]
[BlackElo "2577"]

1.d4 Nf6 2.c4 e6 3.Nc3 Bb4 4.e3 O-O 5.Bd3 d5 6.Nf3 c5 7.O-O cxd4 8.exd4 dxc4
9.Bxc4 b6 10.Qd3 Bb7 11.Bg5 Nbd7 12.Rac1 Rc8 13.Bb5 Nb8 14.Ne5 Be7 15.f4 Nd5
16.Qg3 Nxc3 17.bxc3 Nc6 18.Bh6 Bf6 19.Bd3 Re8 20.Rce1 Rc7 21.Re3 g6 22.Bb5 a6
23.Bxc6 Bxc6 24.Bg5 Be7 25.Bxe7 Qxe7 26.f5 exf5 27.Rxf5 Rd8 28.Rf2 Bb5 29.h4 Kg7
30.h5 Qd6 31.h6+ Kg8 32.Ref3 Bc4 33.Qh4 f5 34.Rxf5 Be6 35.R5f3 Qe7 36.Qg3 Bd5
37.Rf6 Rdc8 38.Qg5 Be4 39.Qg4 Bd5 40.Qh4 Kh8 41.Qg5 Bg8 42.c4 Rd8 43.d5 b5
44.Nc6 Rxc6 45.dxc6 Rd1+ 46.Kh2 bxc4 47.Qf4 Qc5 48.Rf8 Qh5+ 49.Kg3 Rd3+ 50.Rf3  1-0

[Event "3rd Rohde Open"]
[Site "Sautron FRA"]
[Date "2003.10.25"]
[Round "1"]
[White "Korobov,A"]
[Black "Miqueu,E"]
[Result "1/2-1/2"]
[WhiteElo "2558"]
[BlackElo "2112"]

1.e4 e6 2.d4 d5 3.e5 c5 4.c3 Qb6 5.Nf3 Nc6 6.a3 Nh6 7.b4 cxd4 8.Bxh6 gxh6
9.cxd4 Bd7 10.Be2 Rc8 11.O-O Bg7 12.Qd2 O-O 13.Nc3 Nxd4 14.Nxd4 Bxe5 15.Ndb5 a6
16.Na4 Qd8 17.Nbc3 Qf6 18.Nb6 Bxc3 19.Nxd7 Qe7 20.Qxh6 Qxd7 21.Rad1 Bg7 22.Qh5 f5
23.g4 Qf7 24.Qxf7+ Rxf7 25.gxf5 Rxf5 26.f4 Rf6  1/2-1/2

[Event "3rd Rohde Open"]
[Site "Sautron FRA"]
[Date "2003.10.26"]
[Round "2"]
[White "Sasu Ducsoara,An"]
[Black "Korobov,A"]
[Result "1/2-1/2"]
[WhiteElo "2182"]
[BlackElo "2558"]

1.e4 c5 2.Nf3 Nc6 3.d4 cxd4 4.Nxd4 Qb6 5.Nb3 e6 6.Nc3 Nf6 7.Bd3 Be7 8.Be3 Qc7
9.f4 d6 10.Qf3 O-O 11.O-O a6 12.Rae1 b5 13.g4 Nd7 14.g5 Re8 15.Qh5 g6 16.Qh4 Nb4
17.Rf3 Nxd3 18.cxd3 b4 19.Ne2 Nf8 20.Rc1 Qd7 21.Na5 d5 22.Nc6 dxe4 23.dxe4 Bb7
24.Nxe7+ Rxe7 25.Bc5 Ree8 26.Bxb4 Qb5 27.Qe1 e5 28.Bxf8 Rxf8 29.Rb3 Qd7 30.Rd1 Qc6
31.Nc3 Rab8 32.Qf2 Qe6 33.f5 Qe7 34.f6 Qe6 35.Rd3 Ba8 36.Rxb8 Rxb8 37.h3 h6
38.gxh6 Kh7 39.b3 Rc8 40.Kh2 Rc6 41.Nd5 Rc1 42.Qd2 Ra1 43.Rf3 Bxd5 44.Qxd5 Rxa2+
45.Kg3 Qxd5 46.exd5 Rd2 47.Rc3 Rxd5 48.Rc7 Kxh6 49.Rxf7 Rd3+ 50.Kg4 Rd4+
51.Kg3 Kg5 52.Rf8 Rd3+ 53.Kg2 Rxb3 54.f7 Kf6 55.Re8 Kxf7 56.Rxe5 Rb5 57.Re1 a5
58.Rc1 a4 59.Rc7+ Ke6 60.Ra7 Rb2+ 61.Kg3 Rb3+ 62.Kg4 a3 63.Ra6+ Kd5 64.Rxg6 Rb4+
65.Kh5 Kc4 66.Rg1 a2 67.Ra1 Rb3 68.h4 Rb2 69.Rc1+  1/2-1/2

[Event "3rd Rohde Open"]
[Site "Sautron FRA"]
[Date "2003.10.28"]
[Round "4"]
[White "Andonov,B"]
[Black "Korobov,A"]
[Result "0-1"]
[WhiteElo "2310"]
[BlackElo "2558"]

1.Nf3 Nf6 2.c4 g6 3.Nc3 Bg7 4.e4 d6 5.d4 O-O 6.h3 e5 7.d5 Na6 8.Be3 Nh5 9.Ng1 Qe8
10.Be2 Nf4 11.Bf3 f5 12.g3 fxe4 13.Bxe4 Bf5 14.Rh2 Nb4 15.f3 Nh5 16.a3 Na6
17.g4 Bxe4 18.Nxe4 Nf6 19.Qd3 Qa4 20.b3 Qd7 21.Ne2 Nxe4 22.Qxe4 b6 23.c5  0-1

[Event "3rd Rohde Open"]
[Site "Sautron FRA"]
[Date "2003.10.29"]
[Round "5"]
[White "Korobov,A"]
[Black "Dobrev,N"]
[Result "1/2-1/2"]
[WhiteElo "2558"]
[BlackElo "2389"]

1.d4 Nf6 2.c4 e6 3.Nc3 d5 4.cxd5 exd5 5.Bg5 Be7 6.e3 c6 7.Qc2 Bg4 8.h3 Bh5
9.f4 Ne4 10.Nxe4 f6 11.Ng3 Bf7 12.Bh4 Bb4+ 13.Kf2 g5 14.Nf5 gxh4 15.Nf3 Bf8
16.Bd3 Qc7 17.N5xh4 Nd7 18.Bxh7 O-O-O 19.Bg6 Bg8 20.Bd3 Bd6 21.Nf5 Bf8 22.a3 Kb8
23.b4 a6 24.Ng3 Nb6 25.Ne2 Re8 26.Nc3 Bd6 27.Na4 Nc4 28.Bxc4 dxc4 29.Rac1 Bh7
30.Qc3 Rhg8 31.Nc5 Qg7 32.g4 Qf7 33.Rhg1 Rh8 34.f5 Bg8 35.h4 b6 36.Ne6 Rxe6
37.fxe6 Qxe6 38.e4 Rh7 39.d5 cxd5 40.exd5 Qxd5 41.Rgd1  1/2-1/2

[Event "3rd Rohde Open"]
[Site "Sautron FRA"]
[Date "2003.10.30"]
[Round "6"]
[White "Geller,J"]
[Black "Korobov,A"]
[Result "1-0"]
[WhiteElo "2486"]
[BlackElo "2558"]

1.e4 e5 2.Nf3 a6 3.Bb5 Nc6 4.Ba4 d6 5.Bxc6+ bxc6 6.d4 exd4 7.Nxd4 c5 8.Nc6 Qd7
9.Na5 Qa4 10.Qd5 c6 11.Nc3 cxd5 12.Nxa4 dxe4 13.Bf4 Bd7 14.Nb6 Rb8 15.Nbc4 Nh6
16.O-O-O Nf5 17.Rhe1 Be6 18.Rxe4 Kd7 19.Nb3 Kc6 20.g4 Bd5 21.Ncd2 Bxb3 22.Nxb3 c4
23.Nc5 g5 24.Rxc4 Kb6 25.b3 Kb5  1-0

[Event "3rd Rohde Open"]
[Site "Sautron FRA"]
[Date "2003.11.01"]
[Round "8"]
[White "Korobov,A"]
[Black "Istratescu,A"]
[Result "1/2-1/2"]
[WhiteElo "2558"]
[BlackElo "2595"]

1.d4 Nf6 2.c4 e6 3.Nc3 Bb4 4.e3 b6 5.Ne2 Ba6 6.a3 Be7 7.Nf4 O-O 8.e4 d6 9.Bd3 Nbd7
10.O-O e5 11.Nfe2 c6 12.d5 cxd5 13.cxd5 Bxd3 14.Qxd3 Nc5 15.Qc2 Rc8 16.f3 b5
17.Be3 a6 18.Qd1 Ncd7 19.Na2 Nb6 20.b3 Nfd7 21.Nb4 Bg5 22.Bxg5 Qxg5 23.Nxa6 Qe3+
24.Kh1 Nc5 25.Nxc5 Rxc5 26.Ng3 g6 27.f4 Rfc8 28.fxe5 dxe5 29.a4 bxa4 30.bxa4 Nc4
31.a5 Rxa5 32.Rxa5 Nxa5 33.d6 Nb7 34.Qd2 Qb3 35.Nf5 gxf5 36.Qg5+ Kf8 37.Qe7+  1/2-1/2

[Event "3rd Amplico AIG Life Q/F"]
[Site "Warsaw POL"]
[Date "2003.12.21"]
[Round "2"]
[White "Urban,K"]
[Black "Korobov,A"]
[Result "1/2-1/2"]
[WhiteElo "2479"]
[BlackElo "2558"]

1.d4 Nf6 2.g3 e6 3.Bg2 d5 4.Nf3 Be7 5.O-O O-O 6.c4 Nbd7 7.Qc2 c6 8.b3 b5
9.Nbd2 bxc4 10.bxc4 a5 11.Re1 Ba6 12.e4 Rb8 13.exd5 cxd5 14.c5 Qc7 15.Nf1 Qa7
16.Bf4 Rbc8 17.Rab1 Nb8 18.Ne5 Nfd7 19.Nxd7 Nxd7 20.Nd2 Nb8 21.Bxb8 Rxb8
22.Nf3 Bf6 23.Ne5 Bxe5 24.Rxe5 Rb4 25.Rxb4 axb4 26.Bf1 Rb8  1/2-1/2

[Event "Aeroflot Open"]
[Site "Moscow RUS"]
[Date "2004.02.24"]
[Round "8"]
[White "Sadvakasov,D"]
[Black "Korobov,A"]
[Result "1-0"]
[WhiteElo "2611"]
[BlackElo "2552"]

1.e4 c5 2.Nf3 d6 3.d4 cxd4 4.Nxd4 Nf6 5.Nc3 a6 6.Be3 e5 7.Nb3 Be6 8.f3 Nbd7
9.g4 Be7 10.Qd2 O-O 11.O-O-O Qc7 12.Kb1 Rfc8 13.Qf2 Bd8 14.g5 Nh5 15.h4 Nb6
16.Rh2 g6 17.f4 exf4 18.Bxf4 Nxf4 19.Qxf4 d5 20.e5 Qe7 21.Qf3 Bc7 22.Re1 Qb4
23.Bh3 Rf8 24.h5 Qh4 25.Qh1  1-0

[Event "20th Open"]
[Site "Cappelle la Grande FRA"]
[Date "2004.02.29"]
[Round "2"]
[White "Korobov,A"]
[Black "Rozentalis,E"]
[Result "1/2-1/2"]
[WhiteElo "2552"]
[BlackElo "2625"]

1.d4 Nf6 2.c4 e6 3.Nc3 Bb4 4.e3 b6 5.Ne2 O-O 6.a3 Bxc3+ 7.Nxc3 d5 8.Be2 Bb7
9.O-O dxc4 10.Bxc4 Nbd7 11.b4 c5 12.Bb2 Qc7 13.Be2 Rfd8 14.Rc1 Rac8 15.f3 Qb8
16.dxc5 bxc5 17.Qb3 cxb4 18.axb4 h5 19.Na4 Bc6 20.b5 a6 21.Qd1 Kf8  1/2-1/2

[Event "6th Open"]
[Site "Dubai UAE"]
[Date "2004.04.21"]
[Round "3"]
[White "Korobov,A"]
[Black "Gurieli,N"]
[Result "1-0"]
[WhiteElo "2571"]
[BlackElo "2345"]

1.d4 Nf6 2.c4 d6 3.Nf3 g6 4.Nc3 Bf5 5.Nh4 Bd7 6.g3 Bg7 7.Bg2 Nc6 8.O-O O-O
9.f4 Qc8 10.d5 Na5 11.Qd3 c6 12.b4 cxd5 13.bxa5 dxc4 14.Qd2 Qc5+ 15.Kh1 d5
16.e3 Bc6 17.Bb2 Rfd8 18.Nf3 Qxa5 19.Nd4 Rac8 20.a4 Nd7 21.Qc2 Nc5 22.Ncb5 Nd3
23.Bc3 Qa6 24.f5 Ne5 25.Rac1 Nd3  1-0

[Event "6th Open"]
[Site "Dubai UAE"]
[Date "2004.04.23"]
[Round "5"]
[White "Korobov,A"]
[Black "Novita,A"]
[Result "1-0"]
[WhiteElo "2571"]
[BlackElo "2306"]

1.d4 d5 2.c4 e6 3.Nc3 c6 4.Nf3 Nd7 5.e4 dxe4 6.Nxe4 Ngf6 7.Bd3 Nxe4 8.Bxe4 Nf6
9.Bc2 Bb4+ 10.Ke2 O-O 11.Bg5 Be7 12.Qd3 g6 13.Rhe1 b5 14.Kf1 bxc4 15.Qxc4 Rb8
16.Bb3 Nd5 17.Bxe7 Qxe7 18.Kg1 Qf6 19.Ne5 Nf4 20.Re3 Rb6 21.Rae1 Rd8 22.Rf3 Qg5
23.g3 Ba6 24.Qc5 Ne2+ 25.Kg2 Nxd4 26.Rxf7 Nxb3 27.axb3 Bb7 28.h4 Rb5 29.hxg5  1-0

[Event "6th Open"]
[Site "Dubai UAE"]
[Date "2004.04.24"]
[Round "6"]
[White "Boric,M"]
[Black "Korobov,A"]
[Result "0-1"]
[WhiteElo "2387"]
[BlackElo "2571"]

1.Nf3 Nf6 2.d4 e6 3.Bf4 c5 4.e3 d5 5.c3 Nc6 6.Nbd2 Bd6 7.Bg3 O-O 8.Bd3 Qe7
9.Ne5 Nd7 10.f4 f6 11.Ndf3 fxe5 12.dxe5 Bc7 13.Bxh7+ Kxh7 14.Ng5+ Kg8 15.Qh5 Nf6  0-1

[Event "6th Open"]
[Site "Dubai UAE"]
[Date "2004.04.25"]
[Round "7"]
[White "Korobov,A"]
[Black "Belkhodja,S"]
[Result "1/2-1/2"]
[WhiteElo "2571"]
[BlackElo "2449"]

1.d4 d6 2.Nf3 Nf6 3.c4 g6 4.Nc3 Bf5 5.d5 Na6 6.g3 Bg7 7.Nd4 Bd7 8.Bg2 Qc8
9.O-O O-O 10.e4 c5 11.Nf3 Bh3 12.Bf4 Bxg2 13.Kxg2 Nh5 14.Bd2 Nc7 15.Qe2 e6
16.dxe6 Nxe6 17.Qd3 Qc6 18.Nd5 Rae8 19.Bc3 Nc7 20.Bxg7 Kxg7 21.Nxc7 Qxc7
22.Rad1 h6 23.Qxd6 Qxd6 24.Rxd6 Rxe4 25.Rd7 b6 26.Rxa7 Rxc4 27.Re1 Rc2 28.Ree7 Rxb2
29.Ne5 Kf6 30.Nxf7 Rxa2 31.Rab7 Rb8 32.Rbc7 Rc8 33.Rb7  1/2-1/2

[Event "Skanska Open"]
[Site "Pardubice CZE"]
[Date "2004.07.25"]
[Round "3"]
[White "Tzermiadianos,And"]
[Black "Korobov,A"]
[Result "1/2-1/2"]
[WhiteElo "2452"]
[BlackElo "2565"]

1.e4 c5 2.c3 e6 3.d4 d5 4.exd5 exd5 5.Nf3 Nc6 6.Bb5 Bd6 7.dxc5 Bxc5 8.O-O Ne7
9.Nbd2 O-O 10.Nb3 Bd6 11.Bd3 h6 12.h3 Nf5 13.Re1 Bc7 14.Bc2 Qd6 15.Qd3 g6
16.Qd1 h5 17.Bxf5 Bxf5 18.Be3 Rfe8 19.Bc5 Qf4 20.Qd2 Qxd2 21.Nbxd2 b6 22.Be3 f6
23.Nd4 Nxd4 24.Bxd4 Kf7 25.Nf1 g5 26.Ne3 Be6 27.Nc2 g4 28.hxg4 hxg4 29.Ne3 Rh8
30.g3 Rh3 31.Kg2 Rah8  1/2-1/2

[Event "Skanska Open"]
[Site "Pardubice CZE"]
[Date "2004.07.27"]
[Round "5"]
[White "Moroz,A"]
[Black "Korobov,A"]
[Result "1-0"]
[WhiteElo "2498"]
[BlackElo "2565"]

1.e4 c5 2.Nf3 Nc6 3.d4 cxd4 4.Nxd4 Qb6 5.Nb3 e6 6.Nc3 Nf6 7.Be3 Qc7 8.f4 d6
9.Qf3 a6 10.Bd3 Be7 11.O-O O-O 12.Rae1 b5 13.g4 Re8 14.g5 Nd7 15.Qh5 g6 16.Qh6 Bf8
17.Qh4 Bb7 18.Rf3 Bg7 19.Rh3 Nf8 20.f5 Ne5 21.f6 Bh8 22.Bd4 Nxd3 23.cxd3 Rac8
24.a3 Qd7 25.Be3 e5 26.Na5 Rxc3 27.bxc3 Bc8 28.Rf3 Qc7 29.Nb3 Qxc3 30.Nc1 Qxa3
31.Qf2 Qa4 32.Qa2 Qb4 33.Qd2 Qa4 34.Na2 Bb7 35.Rc1 Ne6 36.Nc3 Qb3 37.Rb1 Qa3
38.Qc1 Qa5 39.Nd5 Qd8 40.Qc3 h6 41.h4 Qd7 42.Kf2 Kh7 43.Nb6 Qd8 44.Rc1 h5
45.Nd5 Qd7 46.Nc7 Rc8 47.Nxe6 Qxe6 48.Qa3 Rxc1 49.Bxc1 a5 50.Qxa5 d5 51.Qxb5 dxe4
52.Qxb7 exf3 53.Qxf3 Qb6+ 54.Kg2 Qb5 55.Bd2 Qb2 56.Qe3 Qc2 57.Kg1 Qb1+ 58.Be1 Qd1
59.Kg2 Qc2+ 60.Bf2 Qd1 61.Qe4 Qc2 62.Qc4  1-0

[Event "Skanska Open"]
[Site "Pardubice CZE"]
[Date "2004.07.29"]
[Round "7"]
[White "Kryakvin,D"]
[Black "Korobov,A"]
[Result "1/2-1/2"]
[WhiteElo "2482"]
[BlackElo "2565"]

1.d4 Nf6 2.c4 e6 3.Nc3 Bb4 4.Qc2 Nc6 5.Nf3 Qe7 6.Bd2 O-O 7.a3 Bxc3 8.Bxc3 d6
9.b4 e5 10.dxe5 Nxe5 11.Nxe5 dxe5 12.e3 Bg4 13.f3 Bh5 14.e4 c5 15.Be2 Nd7
16.O-O f6 17.Rfd1 Rfd8 18.Bf1 b6 19.Qb2 Nf8 20.a4 Ne6 21.Rd5 Bf7 22.a5 Rdc8
23.axb6 axb6 24.Rdd1 h6 25.Kh1 Rxa1 26.Rxa1 cxb4 27.Bxb4 Qc7 28.Rb1 Rd8 29.Be1 Nc5
30.Bf2 Rd6 31.Qb4  1/2-1/2

[Event "73rd ch-UKR"]
[Site "Kharkiv UKR"]
[Date "2004.08.27"]
[Round "2.3"]
[White "Miroshnichenko,E"]
[Black "Korobov,A"]
[Result "1/2-1/2"]
[WhiteElo "2615"]
[BlackElo "2565"]

1.Nf3 Nf6 2.c4 e6 3.g3 d5 4.Bg2 Be7 5.O-O O-O 6.d4 dxc4 7.Qa4 a6 8.Qxc4 b5
9.Qc2 Bb7 10.Bd2 Nc6 11.e3 Rb8 12.Rd1 Nb4 13.Bxb4 Bxb4 14.a3 Be7 15.Nbd2 Rc8
16.Nb3 Be4 17.Qc1 Bd5 18.Nc5 Bxc5 19.Qxc5 Ne4 20.Qc2 c5 21.dxc5 Nxc5 22.Rac1 Na4
23.Qb1 Rxc1 24.Rxc1 Qa8 25.Ng5 g6 26.Ne4 Bxe4 27.Bxe4 Qb8 28.b3 Nb6 29.Rc6 Rc8
30.Qc2 Rxc6 31.Qxc6 Qa7 32.Qd6 Nd7 33.h4 Nf6 34.Bf3 h5 35.b4 Nd7 36.Kg2 Kg7
37.g4 hxg4 38.Bxg4 Qb7+ 39.Bf3 Qc8 40.h5 g5 41.Qd4+ Kh7 42.Qd6 Kg7 43.Be2 Qb7+
44.Bf3 Qc8 45.Qd4+ Kh7 46.Qa7 Ne5 47.Be4+ Kh6 48.Qc5 Qb8 49.f4 gxf4 50.exf4 Qg8+
51.Kf1 Nc4 52.Qd4 Qg7 53.Qxg7+ Kxg7 54.Bb7 Nxa3 55.Bxa6 Kh6 56.Kf2 Kxh5 57.Kf3 Kg6
58.Ke4 Nc2 59.Bxb5 Nxb4 60.Bc4 Kf6 61.Bb3 Nc6 62.Ba4 Ne7 63.Be8 Nf5 64.Ba4 Ke7
65.Bd1 Kd6 66.Ba4 f6 67.Bb3 Ne7 68.Ba2 Nd5 69.Bb3 Nc7 70.Ba2 Nb5 71.Bc4 Nc3+
72.Kf3 f5 73.Bb3 Nd5 74.Ba4 Kc5 75.Bd7 Nc7 76.Ke3 Kd5 77.Bc8 Nb5 78.Bb7+  1/2-1/2